书目信息 |
| 题名: |
大上海
|
|
| 作者: | 董云虎 主编 | |
| 分册: | ||
| 出版信息: | 上海 上海人民出版社 2020.10 |
|
| 页数: | 203页 | |
| 开本: | 24cm | |
| 丛书名: | ||
| 单 册: | ||
| 中图分类: | K295.1 | |
| 科图分类: | ||
| 主题词: | 城市史--cheng shi shi--研究--上海 | |
| 电子资源: | ||
| ISBN: | 978-7-208-16731-5 | |
| 000 | 00944nam0 2200241 450 | |
| 001 | 0100028635 | |
| 005 | 20211025120159.0 | |
| 010 | @a978-7-208-16731-5@dCNY78.00 | |
| 100 | @a20201120d2020 em y0chiy50 ea | |
| 101 | 0 | @achi |
| 102 | @aCN@b310000 | |
| 105 | @aa z 000yy | |
| 106 | @ar | |
| 200 | 1 | @a大上海@Ada shang hai@d= The making of Shanghai@f董云虎主编@zeng |
| 210 | @a上海@c上海人民出版社@d2020.10 | |
| 215 | @a203页@c彩图@d24cm | |
| 330 | @a本书以纪录片为蓝本, 以上海百年城市发展历史为主题, 采用图文结合方式全景展现上海170多年的城市历史轨迹和发展建设, 从关键的历史人物、重大历史事件、激动人心的时间节点等内容出发, 完整记述上海在中国近现代史、中国革命史和改革开放史的澎湃篇章, 追溯上海城市精神历史根源。 | |
| 510 | 1 | @aMaking of Shanghai@zeng |
| 606 | 0 | @a城市史@Acheng shi shi@x研究@y上海 |
| 690 | @aK295.1@v5 | |
| 701 | 0 | @a董云虎@Adong yun hu@4主编 |
| 801 | 0 | @aCN@c20210909 |
| 905 | @a河南城建学院图书馆@dK295.1@eD751 | |
| 大上海= The making of Shanghai/董云虎主编.-上海:上海人民出版社,2020.10 |
| 203页:彩图;24cm |
| ISBN 978-7-208-16731-5:CNY78.00 |
| 本书以纪录片为蓝本, 以上海百年城市发展历史为主题, 采用图文结合方式全景展现上海170多年的城市历史轨迹和发展建设, 从关键的历史人物、重大历史事件、激动人心的时间节点等内容出发, 完整记述上海在中国近现代史、中国革命史和改革开放史的澎湃篇章, 追溯上海城市精神历史根源。 |
| ● |
| 相关链接 |
|
|
|
正题名:大上海
索取号:K295.1/D751
 
预约/预借
| 序号 | 登录号 | 条形码 | 馆藏地/架位号 | 状态 | 备注 |
| 1 | 1545721 | 215457217 | 社科库309/309社科库 38排6列3层/ [索取号:K295.1/D751] | 在馆 | |
| 2 | 1545722 | 215457226 | 社科库309/309社科库 38排6列3层/ [索取号:K295.1/D751] | 在馆 |